[Event "POL-ch U16"]
[Site "Leba"]
[Date "2008.04.06"]
[Round "11"]
[White "Smieszniak, Bartlomiej"]
[Black "Koziej, Maciej"]
[Result "1/2-1/2"]
[WhiteElo "1825"]
[BlackElo "2010"]
[PlyCount "98"]
[EventDate "2008.03.29"]
[EventType "swiss"]
[EventRounds "11"]
[EventCountry "POL"]
[SourceTitle "CBM 123 Extra"]
[Source "ChessBase"]
[SourceDate "2008.05.06"]
[SourceVersion "1"]
[SourceVersionDate "2008.05.06"]
[SourceQuality "1"]

1. e4 c5 2. Nf3 a6 3. c4 e6 4. Nc3 Qc7 5. Be2 Nc6 6. 0-0 Nf6 7. d4 cxd4 8. Nxd4 Bd6 9. h3 b6 10. Kh1 Nxd4 11. Qxd4 Be5 12. Qd3 Bb7 13. Bf3 Rc8 14. c5 bxc5 15. Bd2 0-0 16. Rac1 c4 17. Qc2 d5 18. exd5 exd5 19. Qf5 Rfe8 20. Rfe1 d4 21. Bxb7 dxc3 22. bxc3 Qxb7 23. Rxe5 Rxe5 24. Qxe5 Re8 25. Qa5 Qb2 26. Bf4 Qxf2 27. Bh2 Qd2 28. Rg1 Ne4 29. Bc7 Qxc3 30. Qxa6 h6 31. Qc6 Re6 32. Qa8+ Kh7 33. Qf8 Nf2+ 34. Kh2 Re3 35. Qc8 Qd3 36. Rf1 Ng4+ 37. Kg1 Nf6 38. Qf5+ Qxf5 39. Rxf5 Re2 40. Rc5 Rc2 41. a4 Ne4 42. Rc6 Rc1+ 43. Kh2 c3 44. a5 c2 45. Bb6 Nd2 46. h4 Nb3 47. Rc3 Ra1 48. Rxc2 Nxa5 49. Rc7 Nb3 1/2-1/2

[Event "POL-ch U16"]
[Site "Leba"]
[Date "2008.04.02"]
[Round "7"]
[White "Smieszniak, Bartlomiej"]
[Black "Lorek, Milosz"]
[Result "0-1"]
[WhiteElo "1825"]
[BlackElo "1835"]
[PlyCount "98"]
[EventDate "2008.03.29"]
[EventType "swiss"]
[EventRounds "11"]
[EventCountry "POL"]
[SourceTitle "CBM 123 Extra"]
[Source "ChessBase"]
[SourceDate "2008.05.06"]
[SourceVersion "1"]
[SourceVersionDate "2008.05.06"]
[SourceQuality "1"]

1. e4 e5 2. Nf3 Nc6 3. d4 exd4 4. Nxd4 Nf6 5. Nxc6 bxc6 6. Bd3 Bc5 7. Nc3 h6 8. Na4 Bb6 9. Nxb6 axb6 10. 0-0 0-0 11. h3 Re8 12. Re1 d5 13. e5 Nd7 14. Qh5 Nc5 15. Bf5 Bxf5 16. Qxf5 Qd7 17. Qh5 Qe6 18. Be3 Qxe5 19. Qxe5 Rxe5 20. Bxc5 Rxe1+ 21. Rxe1 bxc5 22. Ra1 c4 23. a4 Ra5 24. Kf1 Kf8 25. Ke2 Ke7 26. Ke3 Kd6 27. c3 c5 28. f4 Ke6 29. Kf3 d4 30. Ke4 f5+ 31. Kf3 Kd5 32. g3 g6 33. h4 Ra6 34. Ra3 h5 35. Ra1 Kc6 36. Ke2 Kb6 37. Ra3 Ka5 38. Kd2 Re6 39. b3 Re3 40. bxc4 Rxc3 41. Ra1 Re3 42. Rb1 Rc3 43. Rb7 Kxa4 44. Rxc7 Kb4 45. g4 hxg4 46. Rg7 Rh3 47. Rxg6 Rxh4 48. Rg5 g3 49. Rxf5 Rg4 0-1

[Event "POL-ch U16"]
[Site "Leba"]
[Date "2008.04.02"]
[Round "6"]
[White "Tulwin, Michal"]
[Black "Smieszniak, Bartlomiej"]
[Result "0-1"]
[WhiteElo "1806"]
[BlackElo "1825"]
[PlyCount "62"]
[EventDate "2008.03.29"]
[EventType "swiss"]
[EventRounds "11"]
[EventCountry "POL"]
[SourceTitle "CBM 123 Extra"]
[Source "ChessBase"]
[SourceDate "2008.05.06"]
[SourceVersion "1"]
[SourceVersionDate "2008.05.06"]
[SourceQuality "1"]

1. a3 d5 2. Nf3 Nf6 3. e3 e6 4. c4 Nbd7 5. Qc2 Be7 6. b4 0-0 7. Bb2 a6 8. Nc3 dxc4 9. Bxc4 b5 10. Be2 c5 11. bxc5 Nxc5 12. d4 Ncd7 13. h4 Bb7 14. h5 Rc8 15. Bd3 h6 16. Ke2 Nb6 17. Ne5 Na4 18. Qd2 Nxc3+ 19. Bxc3 Ne4 20. Bxe4 Bxe4 21. f3 Bb7 22. g4 Bd6 23. Nd3 Qd7 24. Qb2 Qc6 25. Kd2 Qxf3 26. Rag1 f6 27. g5 fxg5 28. d5 e5 29. Rh2 Qxd5 30. e4 Qe6 31. Nxe5 Rxc3 0-1

[Event "POL-ch U16"]
[Site "Leba"]
[Date "2008.04.01"]
[Round "5"]
[White "Smieszniak, Bartlomiej"]
[Black "Graczyk, Damian"]
[Result "0-1"]
[WhiteElo "1825"]
[BlackElo "1906"]
[PlyCount "132"]
[EventDate "2008.03.29"]
[EventType "swiss"]
[EventRounds "11"]
[EventCountry "POL"]
[SourceTitle "CBM 123 Extra"]
[Source "ChessBase"]
[SourceDate "2008.05.06"]
[SourceVersion "1"]
[SourceVersionDate "2008.05.06"]
[SourceQuality "1"]

1. e4 c6 2. d4 d5 3. Nc3 dxe4 4. Nxe4 Bf5 5. Ng3 Bg6 6. h4 h6 7. Nf3 Nd7 8. h5 Bh7 9. Bd3 Bxd3 10. Qxd3 Ngf6 11. Bf4 e6 12. 0-0-0 Nd5 13. Bd2 Qc7 14. Kb1 0-0-0 15. c4 N5b6 16. Ne2 Kb8 17. Bf4 Bd6 18. Bxd6 Qxd6 19. c5 Nxc5 20. dxc5 Qxd3+ 21. Rxd3 Rxd3 22. cxb6 axb6 23. Nf4 Rd6 24. Re1 Re8 25. Kc2 Kc7 26. Rd1 Rxd1 27. Kxd1 e5 28. Ne2 Kd6 29. Nc3 Ra8 30. Nd2 Ke6 31. g4 b5 32. a3 g6 33. hxg6 fxg6 34. Nde4 b6 35. Ke2 Rd8 36. Ke3 b4 37. axb4 Rd4 38. b5 cxb5 39. f3 Rb4 40. Nd1 h5 41. Ng5+ Kf6 42. Ne4+ Ke7 43. gxh5 gxh5 44. Kf2 h4 45. Kg2 Rb3 46. Nec3 Ke6 47. Ne4 Kf5 48. Nec3 b4 49. Nd5 Rd3 50. N1e3+ Ke6 51. Kh3 Rxd5 52. Nxd5 Kxd5 53. Kxh4 Kd4 54. Kg4 Ke3 55. b3 b5 56. Kg3 Kd3 57. Kg4 Kc3 58. Kf5 Kxb3 59. Kxe5 Ka2 60. f4 b3 61. f5 b2 62. f6 b1Q 63. f7 Qf1 64. Ke6 b4 65. Ke7 b3 66. f8Q Qxf8+ 0-1